Книга памяти жертв политических репрессий Ставропольского края. Т. 12 (Запись № 12648661)

Подробности
000 -МАРКЕР
контрольное поле 02322nam2a2200253 4500
001 - ИДЕНТИФИКАТОР ЗАПИСИ
контрольное поле RU\NLR\BIBL_A\012922503
005 - ИДЕНТИФИКАТОР ВЕРСИИ
контрольное поле 20250624225600.0
010 ## - МЕЖДУНАРОДНЫЙ СТАНДАРТНЫЙ НОМЕР КНИГИ (ISBN)
Номер (ISBN) 5-901563-56-5
Тираж 100
035 ## - ДРУГИЕ СИСТЕМНЫЕ НОМЕРА
Идентификатор записи (NLR Aleph) 012922503
100 ## - ДАННЫЕ ОБЩЕЙ ОБРАБОТКИ
Данные общей обработки 20221026d2002 |||y0rusy50 ca
101 0# - ЯЗЫК РЕСУРСА
Язык текста, звукозаписи и т.д. русский
102 ## - СТРАНА ПУБЛИКАЦИИ ИЛИ ПРОИЗВОДСТВА
Страна публикации Российская Федерация
105 ## - ПОЛЕ КОДИРОВАННЫХ ДАННЫХ: ТЕКСТОВЫЕ МАТЕРИАЛЫ, МОНОГРАФИЧЕСКИЕ
Кодированные данные о монографическом текстовом документе ac g 000zd
200 0# - ЗАГЛАВИЕ И СВЕДЕНИЯ ОБ ОТВЕТСТВЕННОСТИ
Основное заглавие Т. 12
Первые сведения об ответственности Правительство Ставропольского края, Ставропольская краевая общественная организация инвалидов - жертв политических репрессий
Последующие сведения об ответственности под редакцией А. Ф. Золотухиной
210 ## - ПУБЛИКАЦИЯ, РАСПРОСТРАНЕНИЕ И ДР.
Место издания, распространения и т.д. Ставрополь
Имя издателя, распространителя и т. д. Ставропольская краевая ассоциация жертв незаконных политических репрессий
-- Ставропольская краевая типография
Дата издания, распространения и т.д. 2002
215 ## - ФИЗИЧЕСКАЯ ХАРАКТЕРИСТИКА
Специфическое обозначение материала и объем 201, [1] с.
Другие сведения о физической характеристике ил., портр., табл.
300 ## - ОБЩИЕ ПРИМЕЧАНИЯ
Текст примечания Загл. общ. части на корешке: Книга памяти
461 #0 - УРОВЕНЬ НАБОРА
Встроенное поле 001RU\NLR\BIBL_A\012922269
-- 2001#$aКнига памяти жертв политических репрессий Ставропольского края$fАдминистрация Ставропольского края, Ставропольская краевая ассоциация жертв незаконных политических репрессий$g[составители: А. Л. Козуб (руководитель) и др.$gпод редакцией В. А. Красули]$vТ. 12
Системный номер (АБИС) связанной записи 12648029
Место публикации Ставрополь
Дата публикации 1995
Первые сведения об ответственности Администрация Ставропольского края, Ставропольская краевая ассоциация жертв незаконных политических репрессий
Имя издателя, распространителя и т.д. Ставропольская краевая ассоциация жертв незаконных политических репрессий
Заглавие Книга памяти жертв политических репрессий Ставропольского края
Номер тома Т. 12
942 ## - ДОПОЛНИТЕЛЬНЫЕ ЭЛЕМЕНТЫ ЗАПИСИ (АБИС)
Тип экземпляра АБИС Книга
980 ## - КОЛЛЕКЦИЯ
Название коллекции Национальная библиография
Экземпляры
Тип экземпляра Дата поступления Источник поступления Стоимость Библиотека постоянного хранения Библиотека текущего хранения Место хранения Шифр хранения Штрих-код Статус экземпляра
Книга 26.10.2022 Дар 250.00 РНБ (Московский) РНБ (Московский) Центральная справочная библиотека С 2022-5/87 1-3995772